| 000 | 00851nam a2200289 i 4500 | ||
|---|---|---|---|
| 001 | 200461030 | ||
| 003 | TR-AnTOB | ||
| 005 | 20240612144631.0 | ||
| 007 | ta | ||
| 008 | 240612s1999 tu 000 p tur d | ||
| 035 | _a(TR-AnTOB)200461030 | ||
| 040 |
_aTR-AnTOB _beng _erda _cTR-AnTOB |
||
| 041 | 0 | _atur | |
| 050 | 4 |
_aPL248.K367 _bB3 1999 |
|
| 090 |
_aPL248.K367 _bB3 1999 |
||
| 100 | 1 |
_aKansu, Ceyhun Atuf, _d1919-1978 _eauthor _984288 |
|
| 130 | 0 |
_aGilgamesh. _lTurkish _9145786 |
|
| 245 | 1 | 0 |
_aBağımsızlık gülü : _bşiirler / _cCeyhun Atuf Kansu. |
| 264 | 1 |
_aİstanbul : _bCumhuriyet, _c1999. |
|
| 300 |
_a96 pages ; _c18 cm |
||
| 336 |
_atext _btxt _2rdacontent |
||
| 337 |
_aunmediated _bn _2rdamedia |
||
| 338 |
_avolume _bnc _2rdacarrier |
||
| 650 | 7 |
_aTürk şiiri _2etuturkob _984273 |
|
| 942 |
_2lcc _cBK |
||
| 999 |
_c200461030 _d79242 |
||